000 00451nam a22001697a 4500
003 CEME
005 20210628205715.0
008 210316b xxu||||| |||| 00| 0 eng d
040 _c.
082 _a297.1225 ABD
100 _aAbdul Rauf, Shaikh
_976752
245 _aThe vision selections from the holy quran
260 _aRAWALPINDI
_bALEEM PUBLICATIONS
_c1988
300 _a345P
650 _aQURANIC VERSES-TRANSLATION
_976753
942 _cBK
_2ddc
999 _c582090
_d582090